[Event "Challenge"]
[Site "http://www.queenalice.com/game.php?id=85736"]
[Date "2006.7.14"]
[Round "-"]
[White "vult0"]
[Black "silvinus"]
[Result "0-1"]
[WhiteElo "1601"]
[BlackElo "1934"]

1. e4 e5 2. Nf3 Nc6 3. Bc4 Bc5 4. d3 Nf6 5. Ng5 O-O 6. O-O d6 7. Nc3 Bg4 8. Nf3
Nd4 9. Nb5 Nxf3+ 10. gxf3 Bh3 11. Re1 Nh5 12. a3 Qh4 13. Re2 Nf4 14. Bxf4 exf4
15. Nxc7 Qg5+ 0-1

[Event "Let's Play Chess!"]
[Site "http://www.queenalice.com/game.php?id=87671"]
[Date "2006.7.20"]
[Round "-"]
[White "silvinus"]
[Black "rubenov"]
[Result "1-0"]
[WhiteElo "1937"]
[BlackElo "1825"]

1. d4 d5 2. c4 dxc4 3. Nf3 Bg4 4. e3 e6 5. Bxc4 c6 6. Qb3 Qc7 7. Ne5 Bf5 8. Nc3
Nf6 9. f3 Nbd7 10. e4 Bg6 11. Bf4 Qc8 12. h4 h6 13. Nxg6 fxg6 14. Bxe6 Qd8 15.
Bf7+ 1-0

[Event "Let's Play Chess!"]
[Site "http://www.queenalice.com/game.php?id=87672"]
[Date "2006.7.20"]
[Round "-"]
[White "rubenov"]
[Black "silvinus"]
[Result "0-1"]
[WhiteElo "1675"]
[BlackElo "2001"]

1. d4 d5 2. Bg5 h6 3. Bh4 c6 4. e3 Qb6 5. b3 Bf5 6. c3 Nd7 7. Nf3 e6 8. Be2 Ngf6
9. O-O g5 10. g3 gxh4 11. Nxh4 Bh7 12. Nd2 O-O-O 13. c4 Be7 14. c5 Qc7 15. b4
Ne4 16. Nxe4 Bxe4 17. Ng2 Rdg8 18. b5 Qa5 19. bxc6 bxc6 20. Bd3 Bxd3 0-1

[Event "Let's Play Chess!"]
[Site "http://www.queenalice.com/game.php?id=96981"]
[Date "2006.8.19"]
[Round "-"]
[White "silvinus"]
[Black "Drifter"]
[Result "1-0"]
[WhiteElo "2024"]
[BlackElo "1874"]

1. d4 d5 2. c4 c6 3. Nc3 Nf6 4. Nf3 e6 5. e3 Nbd7 6. Bd3 dxc4 7. Bxc4 b5 8. Bd3
a6 9. O-O c5 10. Qe2 Bb7 11. Rd1 c4 12. Bc2 Bb4 13. e4 O-O 14. e5 Ne8 15. Bxh7+
Kxh7 16. Ng5+ Kg8 17. Qh5 Nef6 18. Qh3 Qe7 19. Bf4 Rfd8 20. exf6 Nxf6 21. Be5
Rac8 22. f4 Bd6 23. Rf1 Rc7 24. a3 Bc6 25. Rae1 Rcd7 26. f5 Bxe5 27. dxe5 Qc5+
28. Kh1 Rd3 29. Qh4 R8d4 30. Rf4 Rxf4 31. Qxf4 Rd4 32. Qf2 Ng4 33. Qg1 exf5 34.
e6 f6 35. Nf3 Bxf3 36. gxf3 Ne5 37. e7 Kf7 38. Qxg7+ Kxg7 39. e8=Q 1-0

[Event "Let's Play Chess!"]
[Site "http://www.queenalice.com/game.php?id=108379"]
[Date "2006.9.21"]
[Round "-"]
[White "silvinus"]
[Black "vlad"]
[Result "0-1"]
[WhiteElo "2037"]
[BlackElo "2342"]

1. d4 Nf6 2. c4 e6 3. Nf3 b6 4. g3 Ba6 5. Qc2 c5 6. Bg2 Nc6 7. dxc5 Bxc5 8. a3
Rc8 9. b4 Bd4 10. Ra2 Bxc4 11. Qxc4 Nxb4 12. Qxb4 Rxc1+ 13. Kd2 Rxh1 14. Nxd4 a5
15. Qb5 Rg1 16. Bf3 O-O 17. Rc2 d5 18. e3 Ne8 19. Ke2 Nd6 20. Qb3 Qd7 21. Bg4 h5
22. Bh3 Qb7 23. Nd2 Qa6+ 24. Kf3 g5 25. g4 hxg4+ 26. Bxg4 a4 27. Qb4 f5 28. Bh5
e5 29. e4 Qd3# 0-1

[Event "Let's Play Chess!"]
[Site "http://www.queenalice.com/game.php?id=108380"]
[Date "2006.9.21"]
[Round "-"]
[White "vlad"]
[Black "silvinus"]
[Result "1-0"]
[WhiteElo "2351"]
[BlackElo "2029"]

1. Nf3 Nf6 2. c4 c5 3. Nc3 Nc6 4. g3 g6 5. Bg2 Bg7 6. d4 cxd4 7. Nxd4 O-O 8. O-O
Nxd4 9. Qxd4 d6 10. Qd3 Rb8 11. Be3 b6 12. Bd4 Be6 13. Nd5 Nxd5 14. cxd5 Bf5 15.
e4 Bxd4 16. Qxd4 Bd7 17. Rfc1 Rc8 18. Bf1 Rc5 19. b4 Rxc1 20. Rxc1 Qb8 21. Ba6
b5 22. Qc3 Qb6 23. Qc7 Qxa6 24. Qxd7 Qxa2 25. Qxe7 Qb2 26. Rc6 Qxb4 27. Rxd6 a5
28. Kg2 h5 29. h4 Qd4 30. Rc6 1-0

[Event "Let's Play Chess!"]
[Site "http://www.queenalice.com/game.php?id=118866"]
[Date "2006.10.20"]
[Round "-"]
[White "silvinus"]
[Black "ozzyvegeta"]
[Result "1-0"]
[WhiteElo "2033"]
[BlackElo "1984"]

1. d4 Nf6 2. c4 e6 3. Nf3 d5 4. Nc3 Be7 5. e3 b6 6. Bd3 O-O 7. O-O Bb7 8. cxd5
Nxd5 9. e4 Nf6 10. Qe2 Nbd7 11. e5 Nd5 12. Qe4 g6 13. Bc4 c6 14. h4 Qc7 15. Bxd5
cxd5 16. Qg4 Ba6 17. Re1 b5 18. Bg5 Nb6 19. h5 b4 20. Ne2 Bxe2 21. Rxe2 Rfc8 22.
hxg6 hxg6 23. Qh4 Bf8 24. Bf6 Bg7 25. Ng5 Kf8 26. Qh7 1-0

[Event "Let's Play Chess!"]
[Site "http://www.queenalice.com/game.php?id=118867"]
[Date "2006.10.19"]
[Round "-"]
[White "ozzyvegeta"]
[Black "silvinus"]
[Result "0-1"]
[WhiteElo "2008"]
[BlackElo "2004"]

1. c4 c5 2. g3 g6 3. Nc3 Nc6 4. Bg2 Bg7 5. Nf3 Nf6 6. d4 cxd4 7. Nxd4 O-O 8. O-O
Nxd4 9. Qxd4 d6 10. e4 Ng4 11. Qd3 Bd7 12. h3 Ne5 13. Qe2 Rc8 14. Bg5 h6 15. Be3
Nxc4 16. Nd1 Bb5 17. Re1 Na3 18. Rc1 Bxe2 0-1

[Event "Challenge"]
[Site "http://www.queenalice.com/game.php?id=135738"]
[Date "2006.12.1"]
[Round "-"]
[White "silvinus"]
[Black "jimwilson"]
[Result "1-0"]
[WhiteElo "1999"]
[BlackElo "2097"]

1. d4 Nf6 2. c4 e5 3. dxe5 Ne4 4. Nf3 b6 5. Nbd2 Bb7 6. Nxe4 Bxe4 7. e3 Nc6 8.
Bd2 Nb4 9. Bxb4 Bxb4+ 10. Nd2 Qe7 11. a3 Bxd2+ 12. Qxd2 Qxe5 13. O-O-O d6 14.
Qd4 O-O-O 15. f3 Bg6 16. Bd3 Qxd4 17. exd4 Bxd3 18. Rxd3 Rhe8 19. Kd2 Re7 20.
Re1 Rxe1 21. Kxe1 Re8+ 22. Kd2 Re6 23. Re3 Kd7 24. d5 Rh6 25. h3 Rg6 26. g4 Rf6
27. Rc3 g5 28. Ke2 c6 29. Rd3 Rf4 30. b3 a5 31. dxc6+ Kxc6 32. a4 Kc5 33. Rd5+
Kb4 34. Rb5+ Kc3 35. Rxb6 Rd4 36. Rb5 h6 37. c5 dxc5 38. Rxc5+ Kxb3 39. Rxa5
Rxa4 40. Rxa4 Kxa4 41. Kd3 Kb5 42. Kd4 Kc6 43. Ke5 Kd7 44. Kf6 Ke8 45. Kg7 Ke7
46. Kxh6 f6 47. Kg7 Ke6 48. Kf8 Ke5 49. Kf7 1-0

[Event "Challenge"]
[Site "http://www.queenalice.com/game.php?id=135739"]
[Date "2006.12.1"]
[Round "-"]
[White "Reddaz"]
[Black "silvinus"]
[Result "1-0"]
[WhiteElo "1920"]
[BlackElo "2034"]

1. e4 e5 2. Nf3 Nc6 3. Be2 Nf6 4. d3 Bc5 5. O-O d6 6. h3 h6 7. c3 a6 8. Nbd2 O-O
9. b4 Ba7 10. Bb2 Nh5 11. d4 Nf4 12. Bc4 exd4 13. cxd4 Nxb4 14. Nb3 b5 15. Be2
Re8 16. e5 1-0

[Event "Let's Play Chess!"]
[Site "http://www.queenalice.com/game.php?id=152394"]
[Date "2007.1.10"]
[Round "-"]
[White "Bergman"]
[Black "silvinus"]
[Result "1-0"]
[WhiteElo "2376"]
[BlackElo "2047"]

1. d4 d5 2. e4 dxe4 3. Nc3 Nf6 4. f3 e3 5. Bxe3 Bf5 6. g4 Bg6 7. g5 Nd5 8. Nxd5
Qxd5 9. c4 Qd7 10. Qb3 b6 11. d5 e5 12. O-O-O c5 13. h4 Bd6 14. h5 Bf5 15. Ne2
1-0

[Event "Let's Play Chess!"]
[Site "http://www.queenalice.com/game.php?id=152395"]
[Date "2007.1.10"]
[Round "-"]
[White "silvinus"]
[Black "Bergman"]
[Result "0-1"]
[WhiteElo "2026"]
[BlackElo "2403"]

1. d4 d5 2. c4 dxc4 3. Nf3 Nf6 4. e3 g6 5. Bxc4 Bg7 6. O-O O-O 7. Nc3 Nc6 8. Qe2
Bf5 9. a3 Ne4 10. Rd1 Qd7 11. Ne1 Na5 12. Ba2 Nxc3 13. bxc3 Qa4 14. Rd2 c5 15.
Nd3 b6 16. Nb2 Qc6 17. Nc4 cxd4 0-1

[Event "Let's Play Chess!"]
[Site "http://www.queenalice.com/game.php?id=162115"]
[Date "2007.2.1"]
[Round "-"]
[White "claudiopsi"]
[Black "silvinus"]
[Result "1-0"]
[WhiteElo "2069"]
[BlackElo "2013"]

1. e4 e5 2. Nf3 Nc6 3. Bb5 a6 4. Ba4 Nf6 5. O-O Be7 6. Re1 b5 7. Bb3 O-O 8. c3
d6 9. h3 Na5 10. Bc2 c5 11. d4 Qc7 12. Nbd2 cxd4 13. cxd4 Nc6 14. d5 Nb4 15. Bb1
a5 16. Nf1 Bd7 17. a3 Na6 18. Ng3 g6 19. Bh6 Rfc8 20. Bd3 Qb7 21. Rc1 Bf8 22.
Bg5 Bg7 23. h4 h5 24. Qd2 Ng4 25. Rxc8+ 1-0

[Event "Let's Play Chess!"]
[Site "http://www.queenalice.com/game.php?id=173254"]
[Date "2007.2.24"]
[Round "-"]
[White "claudiopsi"]
[Black "silvinus"]
[Result "1-0"]
[WhiteElo "2149"]
[BlackElo "2009"]

1. d4 d5 2. Nf3 Nf6 3. Bf4 c5 4. e3 Nc6 5. c3 e6 6. Nbd2 Be7 7. dxc5 Bxc5 8. Bd3
O-O 9. O-O Re8 10. Nb3 Bd6 11. Bxd6 Qxd6 12. Qc2 e5 13. Bb5 e4 14. Nfd4 Ng4 15.
g3 Qh6 16. h4 1-0

[Event "Challenge"]
[Site "http://www.queenalice.com/game.php?id=192862"]
[Date "2007.4.6"]
[Round "-"]
[White "silvinus"]
[Black "Sidinei"]
[Result "0-1"]
[WhiteElo "2019"]
[BlackElo "2172"]

1. d4 Nf6 2. c4 c5 3. d5 d6 4. Nc3 g6 5. e4 Bg7 6. Nf3 O-O 7. Be2 e6 8. O-O exd5
9. cxd5 Re8 10. Nd2 Na6 11. Bxa6 bxa6 12. Re1 Ng4 13. h3 Ne5 14. f4 Nd3 15. Rf1
Bd4+ 16. Kh2 Nxc1 17. Rxc1 Rb8 18. Rc2 f5 19. Qf3 a5 20. Re1 Ba6 21. b3 Qh4 0-1

[Event "Let's Play Chess!"]
[Site "http://www.queenalice.com/game.php?id=196397"]
[Date "2007.4.13"]
[Round "-"]
[White "silvinus"]
[Black "claudiopsi"]
[Result "0-1"]
[WhiteElo "1999"]
[BlackElo "2157"]

1. d4 Nf6 2. c4 g6 3. Nc3 Bg7 4. e4 d6 5. Nf3 O-O 6. Be2 e5 7. O-O Nc6 8. d5 Ne7
9. Ne1 Nd7 10. Be3 f5 11. f3 f4 12. Bf2 g5 13. Rc1 Ng6 14. c5 Nxc5 15. b4 Na6
16. a3 Bd7 0-1